Newest NFL Teams - Statistics

General Stats
  • This quiz has been taken 34 times
  • The average score is 9 of 10
Answer Stats
Year Founded Team % Correct
1999 Baltimore Ravens
97%
2002 Houston Texans
97%
1995 Jacksonville Jaguars
93%
1995 Carolina Panthers
90%
1976 Seattle Seahawks
87%
1976 Tampa Bay Buccaneers
87%
1961 Minnesota Vikings
83%
1967 New Orleans Saints
83%
1966 Atlanta Falcons
80%
1960 Dallas Cowboys
57%
No matching quizzes found
Score Distribution
Percent of People with Each Score
Percentile by Number Answered
Your Score History
You have not taken this quiz